000 00933nam a22002657a 4500
001 BR7301505
003 BR-BrBNA
005 20230928083857.0
007 ta
008 230509b bl.||||| |||| 00| 0 por d
040 _aBR-BrBNA
_bpor
_cBiblioteca Nacional de Agricultura
041 _a(Por)
072 _aL72
_b4030
090 _ 4030 BR7301505
100 1 _aCarvalho, L.A.F.
110 1 _aUniversidade Federal do Rio Grande do Sul, Porto Alegre (Brasil). Faculdade de Veterinaria
_0Tese (Magister Scientiae)
_911169
245 1 _aInfluencia do tempo de imersao em Ethion sobre teleoginas de Boophilus microplus (Canestrini, 1887)
260 3 _aPorto Alegre, RS (Brasil):
_c1974.
300 _a27 p.
500 _a8 illus; 7 ref. (*) Documento disponível na(o) UFRGS, Porto Alegre (Brazil). Faculdade de Veterinaria
650 _aCarrapato
650 _aImersao
909 _a202309
_bLucia
_c55
_dLucia Elande
942 _cBK
999 _c15640
_d15640